000
00264nam a22001217a 4500
999
_c
165363
_d
165363
082
_a
_b
100
_a
Bachchan Singh
245
_a
Nirmala shabdkosh/
_c
by Bachchan Singh.
260
_a
New Delhi:
_b
Vani,
_c
2008.
300
_a
128p.
650
_a
942
_c
BK